00669 2200265 4500001002100000005001500021035002000036007000300056008004100059020001400100082001000114084001400124245005500138250001200193260003800205300004000243520002800283651002400311990001000335990001200345990001200357990001200369990001000381990001200391INLIS00000000000239820220715084526 a0010-1118000001ta220715 g 0 ind  a0216-7638 a633.8 a633.8 MIN aMinyak Asiri :bTrubus Info Kit /cBambang Ismawan aVol. 07 aDepok :bPt Trubus Swadaya,c2009 ahlm 161 - 162 :bilus ;c18 x 26 cm akUMPULAN MAJALAH VOL 07 4aPENGELOLAAN TANAMAN a13092 a13.092a a13.092b a13.092a a13092 a13.092b